01365nam a2200301 a 450000100100000000300100001000500170002000800310003704000220006808200360009010000260012624501790015226000690033130000210040049001000042150000630052150000210058450000350060559000260064065000560066665100720072270000230079471000450081791000410086294200120090395201330091599900150104800000783600000783620230705110033.0090911s1976 dr 001 0 spa d aBPMSUbspacBPMSU 4aR016.9729307294bP128b 19762221 aPagán Perdomo, Dato10aBibliografía geológica y paleontológica de la Isla de Santo Domingo :bRepública Dominicana - República de Haití /cDato Pagán Perdomo ; edición Eridania Mir. aSanto Domingo :aUniversidad Autónoma de Santo Domingo,c1976. a219 p. ;c23 cm.0 aPublicaciones de la Universidad Autónoma de Santo Domingo;aCiencia y tecnología v212/48  aIncluye datos biográficos del autor en la contracubierta aIncluye índice aTexto en español e inglés  6Inventariado, 2023/VM 4aGeologíazRepública DominicanavBibliografías 4aIsla Española (Haití y República Dominicana)vBibliografías1 aMir, Eridaniaeed.2 aUniversidad Autónoma de Santo Domingo  aVMateo V. Control de calidad (BPMSU) 2ddccBK 00102ddc40708CR-DaBPMETbBPMETd2014-07-14oBPMSU CDR R016.9729307294 P128b 1976pBPMSU15040523r2014-07-14w2014-07-14yBK c7128d7128